Character under construction (Record no. 117260)
[ view plain ]
| 000 -LÍDER | |
|---|---|
| campo de controle de tamanho fixo | 01240 a2200205 4500 |
| 001 - NÚMERO DE CONTROLE | |
| campo de controle | 117260 |
| 020 ## - ISBN - INTERNATIONAL STANDARD BOOK NUMBER | |
| ISBN - International Standard Book Number | 9781889636191 |
| 020 ## - ISBN - INTERNATIONAL STANDARD BOOK NUMBER | |
| Informação qualificadora | broch. |
| 082 ## - CDD - CLASSIFICAÇÃO DECIMAL DE DEWEY | |
| Número de Classificação | 372 |
| 040 ## - FONTE DA CATALOGAÇÃO | |
| Instituição da catalogação original | BR-BrIDEA |
| Instituição que transcreveu o registro | BR-BrIDEA |
| 090 ## - NÚMERO DE CHAMADA LOCAL | |
| Número de chamada (OCLC) (R); Número de chamada, CALL (RLIN) (NR) | PL 372 |
| Número Cutter local (OCLC); Número de classificação do livro, CALL (RLIN) | FOR |
| 100 ## - ENTRADA PRINCIPAL--NOME PESSOAL | |
| Nome pessoal | Forrest, Donna B. |
| 245 10 - TÍTULO | |
| Título | Character under construction |
| Restante do título | character building actvities & reproducibles for grades K-6 |
| Indicação de responsabilidade, etc. | Donna B. Forrest |
| 260 ## - PUBLICAÇÃO, DISTRIBUIÇÃO, ETC. | |
| Local de publicação, distribuição, etc. | Chapin, SC |
| Nome do editor, distribuidor, etc. | YouthLight |
| Data da publicação, distribuição, etc. | 2005 |
| 300 ## - DESCRIÇÃO FÍSICA | |
| Extensão | 174 p. |
| Outros detalhes físicos | ill. |
| 520 ## - NOTA DE RESUMO, ETC | |
| Resumo, etc. | Unfortunately, we can no longer assume that children will understand and honor the concepts of responsibility, respect, courage, kindness, and other positive charcter traits. This book offers a wonderfully unique approach to help students to better comprehend and practice these traits which are fundamental for success in school and throughout life. It offers one-of-a-kind detailed lesson plans (some of which include bulletin board ideas), parent letters, children's literature ideas, and reproducibles. It also features daily character-building statements that can be used throughout the school year. This book works great in conjunction with Donna's other book, 180 Days of Character. |
| 697 ## - ENTRADA DE ASSUNTO LOCAL--ENTIDADE COLETIVA (RLIN) | |
| Nome corporativo ou nome da jurisdição | Character counts |
| 856 ## - LOCALIZAÇÃO ELETRÔNICA E ACESSO | |
| Uniform Resource Identifier | <a href="000029/000029f0.jpg">000029/000029f0.jpg</a> |
| 942 ## - ELEMENTOS DE ENTRADA ADICIONADOS (KOHA) | |
| Tipo de material Koha | Livros |
| Situação do descarte | Situação das perdas | Fonte da classificação ou esquema de arquivamento na estante | Situação física | Não pode ser emprestado | Biblioteca de origem | Biblioteca atual | Data de aquisição | Total de empréstimos | Número de chamada completo | Código de barras | Data de último acesso | Data do preço efetivo | Tipo de material Koha |
|---|---|---|---|---|---|---|---|---|---|---|---|---|---|
| Classificação Decimal de Dewey | ECB - SUDOESTE | ECB - SUDOESTE | 26/05/2021 | PL 372 FOR | 00054211SSW | 23/01/2024 | 23/01/2024 | Livros |